| 000 | 02094cam a2200349 a 4500 | ||
|---|---|---|---|
| 003 | EG-GiCUC | ||
| 005 | 20250223031138.0 | ||
| 008 | 150210s2014 ua h f m 000 0 eng d | ||
| 040 |
_aEG-GiCUC _beng _cEG-GiCUC |
||
| 041 | 0 | _aeng | |
| 049 | _aDeposite | ||
| 097 | _aM.Sc | ||
| 099 | _aCai01.07.08.M.Sc.2014.Am.U | ||
| 100 | 0 | _aAmira Hassan Ahmed Moursey | |
| 245 | 1 | 0 |
_aUtilization of remote sensing and population dynamics for predicting the annual generations of cotton leafworm spodoptera littoralis (boisd.) (lepidoptera: noctuidae) under climate change / _cAmira Hassan Ahmed Moursey ; Supervised Ibtisam Abdelmoneim Hemeida , Sayeda Sayed Ahmed , Hassan Farag Dahi |
| 246 | 1 | 5 | _a تحت ظروف تغير المناخSpodoptera littoralis (Boisd)استخدام الاستشعار من بعد ودينامكية التعداد فى التنبؤ بالاجيال السنوية لدودة ورق القطن |
| 260 |
_aCairo : _bAmira Hassan Ahmed Moursey , _c2014 |
||
| 300 |
_a120 P. : _bfacsimiles ; _c25cm |
||
| 502 | _aThesis (M.Sc.) - Cairo University - Faculty of Agriculture - Department of Economic Entomology and Pesticides | ||
| 520 | _aThis study was conducted to study the effect of four constant temperatures 17, 22, 27 and 32 {u00B0}C on the biology of cotton leafworm, Spodoptera littoralis and determine the threshold temperature and calculation of the thermal units for all stages in laboratory to determine the threshold temperature and the average number of degree days demanded for complete one generation then used both information for predicting annual generations of S. littoralis under field condition | ||
| 530 | _aIssued also as CD | ||
| 653 | 4 | _aAccumulate heat units | |
| 653 | 4 | _aNOAA satellite image | |
| 653 | 4 | _aSpodoptera littoralis generations | |
| 700 | 0 |
_aHassan Farag Dahi , _eSupervisor |
|
| 700 | 0 |
_aIbtisam Abdelmoneim Hemeida , _eSupervisor |
|
| 700 | 0 |
_aSayeda Sayed Ahmed , _eSupervisor |
|
| 856 | _uhttp://172.23.153.220/th.pdf | ||
| 905 |
_aAml _eCataloger |
||
| 905 |
_aNazla _eRevisor |
||
| 942 |
_2ddc _cTH |
||
| 999 |
_c49296 _d49296 |
||